| 000 | 01018nam a22002657a 4500 | ||
|---|---|---|---|
| 999 |
_c19121 _d19121 |
||
| 003 | AR-CdUCM | ||
| 008 | 190516b ||||| |||| 00| 0 spa d | ||
| 020 | _a0-07-090903-2 | ||
| 040 |
_aMUNICIPALIDAD PROVINCIAL DEL CUSCO _cBIBLIOTECA MUNICIPAL DEL CUSCO |
||
| 082 |
_a624 / _bK23 |
||
| 100 |
_aKardestunger, Hayrettin _940265 |
||
| 245 | _aIntroducción al análisis estructural con matrices / | ||
| 260 |
_aMéxico : _bMcgraw-hill, _c1975. |
||
| 300 |
_a418 paginas ; _bFormulas, _c29 cm. |
||
| 505 | _aContenido : Breve historia del análisis estructural -- Clasificación de estructuras -- Principios fundamentales -- Trabajo y trabajo complementario... | ||
| 650 |
_aAnálisis estructural _940266 |
||
| 650 |
_aFuerza _940267 |
||
| 650 |
_aDesplazamiento _940268 |
||
| 650 |
_aFuerzas de empotramiento _940269 |
||
| 650 |
_aMatriz _918942 |
||
| 700 |
_aCasa Reyes, Jose V. (Traducción) _940270 |
||
| 700 |
_aIsaza Bernal, Jaime (Traducción) _940271 |
||
| 942 |
_2ddc _cLIBROS |
||
| 945 |
_awnts _d2019-05-16 |
||